000 00646 a2200205 4500
999 _c2665
_d2665
020 _a9781844803286
050 _aHF 5549 HUM 2006
100 _aGrobler, Pieter
_eauthor
245 _aHuman resource management in South Africa:
_cPieter A Grobler and Surette Warnich
250 _a3rd ed.
264 _aLondon :
_bCencage Learning,
_c 2006
300 _axxii, 564 p. :
_bill.
500 _aincludes index
650 _aPersonnel management.
700 _aSurette Warnich
_eautor
700 _aMichael R, Warnich
_eauthor
700 _aNobert F. Elbert
_eauthor
700 _aRobert T. Hatifield
_eauthor
942 _2lcc
_cBK
_e3rd
_h5549
_iHUM
_kHF